| 000 | 00000nam##2200000za#4500 |
| 001 | 9.579142 |
| 003 | CaOODSP |
| 005 | 20210624190425 |
| 007 | cr ||||||||||| |
| 008 | 150406|1997||||xxc|||||o f|0| 0 eng|d |
| 022 | |a1488-5379 |
| 040 | |aCaOODSP|beng |
| 043 | |an-cn--- |
| 086 | 1 |aFs97-6/2169E-PDF |
| 110 | 1 |aCanada. |bDepartment of Fisheries and Oceans. |
| 245 | 10|aUtilization of the Campbell River Estuary by juvenile Chinook salmon (Oncorhynchus tshawytscha) in 1994 / |h[electronic resource]|cby J. Korman, B. Bravender, and C.D. Levings. |
| 260 | |aNanaimo - British Columbia : |bFisheries and Oceans Canada |c1997. |
| 300 | |a45p.|bfigs., references, tables |
| 490 | 1 |aCanadian technical report of fisheries and aquatic sciences|x1488-5379|vNo. 2169 |
| 500 | |aOn cover : Pacific Biological Station, Nanaimo, British Columbia. The catalogue number and ISSN for the print edition appear in the PDF version. |
| 546 | |a(Résumé en français) |
| 590 | |a14-05-Supp|b2014-02-26 |
| 720 | 1 |aLevings, C. |
| 720 | 1 |aBravender, B. A. |
| 720 | 1 |aKorman, J. |
| 830 | #0|aCanadian technical report of fisheries and aquatic sciences,|x1488-5379|vNo. 2169|w(CaOODSP)9.504449 |
| 856 | 40|ahttp://publications.gc.ca|qPDF|s1335 KB|uhttps://publications.gc.ca/collections/collection_2014/mpo-dfo/Fs97-6-2169-eng.pdf|yNo. 2169 |